000 004830000a22001810004500
003 MACL
005 20150702163619.0
008 150702b xxu||||| |||| 00| 0 eng d
040 _aMACL
_cMACL
041 _aEnglish
082 _a300/AGR
100 _aAgrawal, S.P.
_9371
245 _aDevelopment of Documentation In India
_bSocial Science Information
260 _bConcept Publishing Company
_c1989
_aNew Delhi
350 _a250
650 _aSociology
_919
942 _cBK
_k300
_2ddc
999 _c6325
_d6325